| 000 | 00405nam a2200169Ia 4500 | ||
|---|---|---|---|
| 008 | 230524s9999 xx 000 0 und d | ||
| 020 | _a9788120321960 | ||
| 082 |
_a621.38 _bCHA |
||
| 100 | _aD.Rai Choudhury | ||
| 245 | 0 | _aModern Control Engineering | |
| 250 | _a1ST | ||
| 260 |
_aNEW DELHI _bPHI _c2005 |
||
| 300 | _aXII;825 | ||
| 500 | _aQuantity Number: 18 | ||
| 650 | _aElectrical | ||
| 942 | _cBK | ||
| 999 |
_c17154 _d17154 |
||